| 000 | 00563nam a22001817a 4500 | ||
|---|---|---|---|
| 999 |
_c181589 _d181589 |
||
| 005 | 20210924115316.0 | ||
| 010 | _aENG-129965 | ||
| 020 |
_c450.00 _a978-93-5388-695-0 |
||
| 035 | _aEN-113497 | ||
| 037 | _bDBAD/PUB | ||
| 082 | _a658.4092 | ||
| 100 | _a Dhayanithy,Deepak | ||
| 245 |
_aKarma Sutras: _cby Deepak Dhayanithy _bleadership and wisdom in uncertain times/ |
||
| 260 |
_bSage _c2021 |
||
| 270 |
_bNew Delhi _aBI/1-1 Mohan Cooperative Industrial Area _e110044 |
||
| 300 |
_axxii,189p. _c25cm (pbk) |
||
| 942 |
_2ddc _cEN _mSUT _h658.4092 |
||